Statistiken für Bundesliga-Trainer zu Saisonbeginn 2023/24

Klicken Sie hier um das Quiz zu spielen!

Allgemein

  • Dieses Quiz wurde 112 mal gespielt
  • Das Durchschnittsergebnis liegt bei 12 aus 18

Antwortstatistiken

HinweisAntwort% Korrekt
FC Bayern MünchenThomas Tuchel
98%
Borussia DortmundEdin Terzic
95%
SC FreiburgChristian Streich
93%
Bayer 04 LeverkusenXabi Alonso
92%
VFL WolfsburgNiko Kovac
80%
1. FC KölnSteffen Baumgart
80%
1. FC Union BerlinUrs Fischer
79%
VFB StuttgartSebastian Hoeneß
76%
RB LeipzigMarko Rose
71%
1. FSV Mainz 05Bo Svensson
70%
Eintracht FrankfurtDino Toppmöller
68%
SV Werder BremenOle Werner
66%
1. FC HeidenheimFrank Schmidt
61%
VFL Bochum 1848Thomas Letsch
49%
SV Darmstadt 98Torsten Lieberknecht
48%
Borussia MönchengladbachGerardo Seoane
47%
TSG HoffenheimPellegrino Matarazzo
45%
FC AugsburgEnrico Maaßen
32%

Verteilung der Resultate

Perzentil nach korrekt beantworteten Fragen

Anzahl Personen mit jedem Resultat

Ihre Resultats-Entwicklung

Sie haben dieses Quiz noch nicht gespielt